000 00323nam a2200133Ia 4500
005 20260328101518.0
008 260328s9999||||xx |||||||||||||| ||und||
100 _aMoholy-Nagy, László
245 0 _aVision in motion /
_cLászló Moholy-Nagy
260 _bPaul Theobold
300 _a371 p.
650 _aARTE
942 _cBK
999 _c9463
_d9463